[Event "Sportland-NRW-Cup"]
[Site "Senden"]
[Date "1999.??.??"]
[Round "1"]
[White "Petrosian, Arshak B"]
[Black "Huster, Markus"]
[Result "1-0"]
[WhiteElo "2510"]
[BlackElo "2210"]

1.Nf3 c5 2.c4 Nf6 3.g3 b6 4.Bg2 Bb7 5.O-O e6 6.Nc3 Be7 7.Re1 O-O 8.e4 d6
9.d4 cxd4 10.Nxd4 Qc8 11.Be3 a6 12.Rc1 Nbd7 13.f4 Re8 14.f5 Bf8 15.fxe6 fxe6
16.Bh3 Nc5 17.b4 Ncxe4 18.Nd5 Bxd5 19.cxd5 Qb7 20.Bxe6+ Kh8 21.Qf3 a5 22.g4 axb4
23.g5 Nc5 24.gxf6 Nd3 25.f7 Nxe1 26.Rxe1 Re7 27.Re2 Qa6 28.Bf2 Rc7 29.Nc6 Qc4
30.Qe4 Qc1+ 31.Kg2 b3 32.axb3 Ra1 33.Re1 Qg5+ 34.Bg3 Ra2+ 35.Re2 Ra3 36.Qh4 Qxh4
37.Bxh4 Rxb3 38.Ra2  1-0

[Event "Sportland-NRW-Cup"]
[Site "Senden"]
[Date "1999.??.??"]
[Round "7"]
[White "Petrosian, Arshak B"]
[Black "Dgebuadze, Alexandre"]
[Result "1/2-1/2"]
[WhiteElo "2510"]
[BlackElo "2510"]

1.Nf3 Nf6 2.c4 b6 3.g3 Bb7 4.Bg2 c5 5.O-O e6 6.Nc3 Be7 7.Re1 O-O 8.e4 d6
9.d4 cxd4 10.Nxd4 Qc8 11.Be3 Nc6 12.b3 Nxd4 13.Bxd4 Re8 14.a4 Bc6 15.a5 bxa5
16.Rxa5 a6 17.Qc2 Bd8 18.Ra2 e5 19.Be3 Ng4 20.Bc1 Bb6 21.Nd1 Qb7 22.h3 Nf6
23.Ba3 Bc5 24.Bxc5 dxc5 25.Nc3 Nd7 26.Nd5  1/2-1/2

[Event "Sportland-NRW-Cup"]
[Site "Senden"]
[Date "1999.??.??"]
[Round "8"]
[White "Stolte, Alexander"]
[Black "Genkin, Michael"]
[Result "1/2-1/2"]
[WhiteElo "2265"]
[BlackElo "2175"]

1.Nf3 Nf6 2.c4 e6 3.g3 b6 4.Bg2 Bb7 5.O-O c5 6.b3 Be7 7.Bb2 O-O 8.d4 cxd4
9.Nxd4 Bxg2 10.Kxg2 Qc8 11.Qd3 Nc6 12.Nf3 Qb7 13.Nbd2 Rfd8 14.e4 d6 15.Qe2 Rac8
16.Nd4 Nxd4 17.Bxd4 a6 18.a4  1/2-1/2

[Event "Sportland-NRW-Cup"]
[Site "Senden"]
[Date "1999.??.??"]
[Round "8"]
[White "Abhau, Jochen"]
[Black "Gipslis, Aivars"]
[Result "1/2-1/2"]
[WhiteElo "2230"]
[BlackElo "2460"]

1.Nf3 Nf6 2.g3 b6 3.Bg2 Bb7 4.O-O e6 5.c4 c5 6.Nc3 Be7 7.d4 cxd4 8.Qxd4 O-O
9.Rd1 Nc6 10.Qd2 Qb8 11.b3 Rd8 12.Bb2 d6 13.Qc2 a6 14.Rac1 Ra7 15.Ne4 Nxe4
16.Qxe4 Ne5 17.Qe3 Nxf3+ 18.Bxf3 Bxf3 19.Qxf3 b5 20.Bd4  1/2-1/2

[Event "Sportland-NRW-Cup"]
[Site "Senden"]
[Date "1999.??.??"]
[Round "9"]
[White "Konietzka, Lutz"]
[Black "Huster, Markus"]
[Result "1-0"]
[WhiteElo "2135"]
[BlackElo "2210"]

1.Nf3 c5 2.c4 Nf6 3.g3 b6 4.Bg2 Bb7 5.O-O e6 6.Nc3 Be7 7.d4 cxd4 8.Qxd4 Nc6
9.Qf4 O-O 10.Rd1 Qb8 11.b3 Rd8 12.Qxb8 Raxb8 13.Bf4 d6 14.Ng5 Rd7 15.Nge4 Nxe4
16.Nxe4 Rbd8 17.Rac1 d5 18.cxd5 Rxd5 19.Rxd5 exd5 20.Nc3 d4 21.Nb5 g5 22.Bc7 Rc8
23.Bxc6 Bxc6 24.Rxc6 Bd8 25.Rd6 Bxc7 26.Rc6  1-0

[Event "Sevilla op"]
[Site "Sevilla"]
[Date "1999.??.??"]
[Round "5"]
[White "Suba, Mihai"]
[Black "Campora, Daniel H"]
[Result "0-1"]
[WhiteElo "2550"]
[BlackElo "2540"]

1.c4 Nf6 2.Nf3 b6 3.g3 Bb7 4.Bg2 e6 5.O-O c5 6.Nc3 Be7 7.d4 cxd4 8.Qxd4 O-O
9.Rd1 Nc6 10.Qf4 d6 11.b3 Qb8 12.Ng5 Rd8 13.Ba3 a6 14.Qe3 b5 15.cxb5 axb5
16.Nxb5 Ra5 17.Nxe6 Rd7 18.Bxc6 Bxc6 19.Nbd4 Ba8 20.Nxg7 Qb7 21.f3 Kxg7 22.Bb2 Re5
23.Qf4 Kg6 24.h4 Bf8 25.Qd2 Ng4 26.Qd3+ f5 27.Rdc1 Qd5 28.h5+ Kg5 29.Rc4 Bh6
30.Ra4 Bb7 31.b4 Re3 32.Qc2 Qe5 33.Kg2 Rc7 34.Qd2 Kxh5 35.Rh1+ Kg6 36.Rxh6+ Kxh6
37.Ra5 Bd5 38.Nxf5+ Qxf5 39.Rxd5 Rc2 40.Rxf5 Rxd2 41.Bc1 Rdxe2+ 42.Kh3 Nf2+
43.Kh4 Kg6 44.Rg5+ Kf6 45.Bxe3 Rxe3 46.Rd5 Ke6 47.Rd2 Rxf3 48.b5 Ne4 49.Rb2 Nc5
50.b6 Rf8 51.Rb4 Kd5 52.a4 Kc6 53.Kg5 d5 54.Kh6 Rf7 55.a5 Kb7 56.Rb5 Na6
57.g4 Rd7  0-1

[Event "Sutton op"]
[Site "Sutton"]
[Date "1999.??.??"]
[Round "6"]
[White "Farndon, David Alexander"]
[Black "Broomfield, Matthew"]
[Result "1/2-1/2"]
[WhiteElo "2263"]
[BlackElo "2122"]

1.Nf3 c5 2.c4 b6 3.g3 Bb7 4.Bg2 Nf6 5.O-O e6 6.Nc3 Be7 7.d4 cxd4 8.Qxd4 O-O
9.Rd1 Nc6 10.Qf4 d6 11.b3 Qb8 12.Bb2 Rd8 13.Ne4 Nxe4 14.Qxe4 Ne5 15.Qf4 Nxf3+
16.Bxf3 Bxf3 17.Qxf3 b5 18.Rac1 a6 19.Qg4 Bf8 20.Qg5 h6 21.Qg4 Qb7 22.e4 Rac8
23.Qe2 Rd7 24.cxb5 Rxc1 25.Rxc1 axb5 26.a3 d5 27.exd5 Qxd5 28.b4 f6 29.Re1 e5
30.Rc1 Kf7  1/2-1/2

[Event "SVK-chT 9899"]
[Site "SVK"]
[Date "1999.??.??"]
[Round "10"]
[White "Polko, Juraj"]
[Black "Pokorna, Regina"]
[Result "1-0"]
[WhiteElo "2170"]
[BlackElo "2195"]

1.Nf3 Nf6 2.g3 b6 3.Bg2 Bb7 4.O-O e6 5.c4 c5 6.b3 Be7 7.Bb2 O-O 8.d4 cxd4
9.Qxd4 d6 10.Nc3 e5 11.Qd2 Nbd7 12.Nh4 Bxg2 13.Nxg2 Nc5 14.Ne3 Qd7 15.Ned5 Nxd5
16.Qxd5 Rad8 17.Rad1 Qg4 18.Qf3 Qg6 19.e4 f5 20.Nd5 Bg5 21.exf5 Rxf5 22.Qg4 Qf7
23.h4 Bh6 24.Qxf5  1-0

[Event "JUG-chT (Women)"]
[Site "Vrnjacka Banja"]
[Date "1999.??.??"]
[Round "3"]
[White "Stajic, Snezana"]
[Black "Benderac, Ana"]
[Result "1-0"]
[WhiteElo "2078"]
[BlackElo "2237"]

1.Nf3 Nf6 2.c4 e6 3.g3 b6 4.Bg2 Bb7 5.O-O c5 6.Nc3 Be7 7.Re1 d5 8.cxd5 Nxd5
9.Nxd5 Bxd5 10.e4 Bb7 11.d4 O-O 12.dxc5 Qxd1 13.Rxd1 Bxc5 14.Ne5 f6 15.Nc4 e5
16.Be3 Bxe3 17.Nxe3 Nc6 18.Rd7 Bc8 19.Rc7 Nd4 20.Nf5 Bxf5 21.exf5 Nb5 22.Rd7 Rac8
23.a4 Rc7 24.Rxc7 Nxc7 25.Rc1 Na6 26.Bf1 Nc5 27.b4 Nxa4 28.Bc4+ Kh8 29.Bb5 Nb2
30.Rb1 a6 31.Bxa6 Na4 32.Rc1 Rd8 33.Bb5 Nb2 34.Rc2 Nd1 35.Be2 e4 36.Kf1 e3
37.Bxd1 Rxd1+ 38.Ke2  1-0

[Event "Hilton Open"]
[Site "Basel SUI"]
[Date "2000.01.05"]
[Round "7"]
[White "Rehm,M"]
[Black "Habibi,A"]
[Result "1/2-1/2"]
[WhiteElo "2097"]
[BlackElo "2295"]

1.Nf3 c5 2.c4 b6 3.g3 Bb7 4.Bg2 Nf6 5.O-O e6 6.Nc3 Be7 7.d4 cxd4 8.Qxd4 O-O
9.Rd1 Nc6 10.Qf4 d6 11.b3 Qd7 12.Ba3 Rfd8 13.h3 a6 14.Rd2 d5 15.Bxe7 Nxe7
16.e4 Ng6 17.Qe3 Qc7 18.exd5 exd5 19.Nxd5 Nxd5 20.cxd5 Rxd5 21.Rxd5 Bxd5
22.Rc1 Qb7 23.Ne1 Bxg2 24.Nxg2 h6 25.h4 h5 26.Qg5 Qf3 27.Qe3 Qf6 28.Qc3 Ne5
29.Nf4 Qf5 30.Qe3 Rb8 31.Kg2 Ng4 32.Qd4 Re8 33.Rd1 b5 34.Qd5 Qxd5+ 35.Rxd5 g6
36.Rd6 Rc8 37.Rxa6 Rc2 38.Nh3 b4 39.Rb6 Ne3+ 40.Kf3 Nd5 41.Rb5 Rd2 42.Ng5  1/2-1/2

[Event "Renome 2000"]
[Site "Bjeljina YUG"]
[Date "2000.01.26"]
[Round "1"]
[White "Grunberg,M"]
[Black "Genov,Peta"]
[Result "1/2-1/2"]
[WhiteElo "2409"]
[BlackElo "2413"]

1.Nf3 Nf6 2.c4 b6 3.g3 Bb7 4.Bg2 c5 5.O-O e6 6.Nc3 a6 7.d4 cxd4 8.Qxd4 d6
9.Rd1 Be7 10.b3 Nbd7 11.e4 Qb8 12.Ba3 Nc5 13.e5 dxe5  1/2-1/2

[Event "5th HIT Open"]
[Site "Nova Gorica SLO"]
[Date "2000.02.05"]
[Round "5"]
[White "Stern,R"]
[Black "Richter,Mi"]
[Result "1-0"]
[WhiteElo "2479"]
[BlackElo "2402"]

1.Nf3 e6 2.c4 b6 3.g3 Bb7 4.Bg2 c5 5.O-O Nf6 6.Nc3 Be7 7.d4 cxd4 8.Qxd4 Nc6
9.Qf4 O-O 10.Rd1 d6 11.b3 Qb8 12.Bb2 Ne5 13.Rac1 Ng6 14.Qd4 d5 15.cxd5 Bc5
16.Qd3 Rd8 17.Nd4 Ne5 18.Qc2 Neg4 19.b4 Bd6 20.Nc6 Bxc6 21.dxc6 Nxf2 22.Rxd6 Qxd6
23.Nb5 Qxb4 24.c7 Rdc8 25.Bxf6 Qxb5 26.Kxf2  1-0

[Event "Extraliga CZE"]
[Site "Ostrava CZE"]
[Date "2000.02.06"]
[Round "9"]
[White "Kleberc,K"]
[Black "Kana,P"]
[Result "1/2-1/2"]
[WhiteElo "2267"]
[BlackElo "2148"]

1.Nf3 Nf6 2.c4 e6 3.g3 b6 4.Bg2 Bb7 5.O-O c5 6.Nc3 Be7 7.d4 cxd4 8.Qxd4 d6
9.Bg5 a6 10.Bxf6 Bxf6 11.Qf4 O-O 12.Rfd1 Be7 13.Ne4 Bxe4 14.Qxe4 Ra7 15.Qe3 Nc6
16.Rac1 Qb8 17.h4 h6 18.Bh3 Kh8 19.Qe4 Rc7 20.e3 Rd8 21.Bf1 Qc8 22.Qf4 Rf8
23.e4 Kg8 24.Qe3 Qb7 25.Nd4 Nxd4 26.Rxd4 Rd8  1/2-1/2

[Event "Petroff Mem Open"]
[Site "St Petersburg RUS"]
[Date "2000.02.09"]
[Round "3"]
[White "Slavina,I"]
[Black "Eliseev,A"]
[Result "0-1"]
[WhiteElo "2261"]
[BlackElo "2325"]

1.Nf3 e6 2.c4 b6 3.g3 Bb7 4.Bg2 Nf6 5.O-O c5 6.Nc3 Be7 7.d4 cxd4 8.Qxd4 O-O
9.b3 d6 10.Bb2 a6 11.Rac1 Nbd7 12.Rfe1 Qb8 13.e4 Rd8 14.Qd2 b5 15.cxb5 axb5
16.a3 e5 17.Qe2 Bc6 18.b4 Qb7 19.Nd2 Rab8 20.Nb3 Qb6 21.Rc2 Rdc8 22.Rec1 Bd8
23.Na5 Ba8 24.Nd5 Qa6 25.Rxc8 Rxc8 26.Rxc8 Qxc8 27.Nc3 Bxa5 28.bxa5 Bc6 29.Nxb5 Qb8
30.a4 Nc5 31.Ba3 Qd8 32.Qc2 Qxa5 33.Bxc5 dxc5 34.Nc3 g6 35.Bf1 Qb4 36.f3 Kg7
37.Bb5 Bxb5 38.Nxb5 c4 39.Qc3 Qxa4 40.Qxe5 Qa5 41.g4 h6 42.h4 c3 43.g5 c2
44.Qxf6+ Kg8 45.Qc6 Qa1+ 46.Kf2 c1=Q 47.Qe8+ Kg7 48.Nd6 Qg1+  0-1

[Event "FSGM February"]
[Site "Budapest HUN"]
[Date "2000.02.10"]
[Round "6"]
[White "Volzhin,A"]
[Black "Li Wenliang"]
[Result "1-0"]
[WhiteElo "2548"]
[BlackElo "2444"]

1.Nf3 Nf6 2.c4 b6 3.g3 Bb7 4.Bg2 c5 5.O-O e6 6.Nc3 d6 7.b3 Nbd7 8.Bb2 Be7
9.e3 O-O 10.d4 cxd4 11.Nxd4 Qc8 12.f4 a6 13.Qe2 Re8 14.Rad1 Qc7 15.g4 d5
16.cxd5 Nxd5 17.Nxd5 exd5 18.Nf5 Bf8 19.Bxd5 Bxd5 20.Rxd5 Nc5 21.Qf3 a5 22.Be5 Qc6
23.Bxg7 Bxg7 24.Nxg7 Rxe3 25.Qxe3 Qxd5 26.Nf5 Qd8 27.g5 Ne6 28.Qe5 Ra7 29.Nh6+ Kf8
30.Qh8+ Ke7 31.Nf5+  1-0

[Event "FSIMB February"]
[Site "Budapest HUN"]
[Date "2000.02.12"]
[Round "8"]
[White "Nemeth,Z"]
[Black "Goczo,M"]
[Result "1-0"]
[WhiteElo "2379"]
[BlackElo "2250"]

1.c4 e6 2.Nf3 b6 3.g3 Bb7 4.Bg2 c5 5.O-O Nf6 6.b3 Be7 7.d4 cxd4 8.Qxd4 Nc6
9.Qf4 d5 10.Rd1 Qc8 11.Na3 O-O 12.Bb2 Re8 13.Nb5 Rd8 14.Rac1 dxc4 15.Rxd8+ Qxd8
16.Ne5 Nxe5 17.Bxb7 Ng6 18.Qxc4 Rb8 19.Ba6 Qd5 20.Qxd5 Nxd5 21.Nxa7 Bc5 22.Bc4 Ra8
23.Nc6 Rxa2 24.Bd4 Bxd4 25.Nxd4 Nb4 26.Bb5 h5 27.Rc8+ Kh7 28.Rb8 Nd5 29.Bd3 Ra7
30.h4 Rd7 31.Nc6 f6 32.b4 Rd6 33.b5 f5 34.Nd8 Ne5 35.Nxe6 Nxd3 36.Ng5+ Kg6
37.exd3 Nc3 38.Nf3 Nxb5 39.Ne5+ Kf6 40.f4 Nd4 41.Rxb6 Rxb6 42.Nd7+ Ke6 43.Nxb6 Kd6
44.Kf2 Kc5 45.Ke3 Nc2+ 46.Kd2 Nb4 47.Nc4 Kd4 48.Ne3 Nxd3 49.Nxf5+ Ke4 50.Nd6+ Kd4
51.Ke2 Nxf4+ 52.gxf4 Kd5 53.Nf7 Ke4 54.f5 Kf4 55.Kf2 Kg4 56.Ke3 Kxf5 57.Kf3 Kf6
58.Ng5 Kf5 59.Ne4 Ke5 60.Ng3 g6 61.Ke3 g5 62.hxg5 h4 63.Ne4 h3 64.Kf3  1-0

[Event "16th open"]
[Site "Cappelle La Grande FRA"]
[Date "2000.02.19"]
[Round "1"]
[White "Frois,A"]
[Black "Bellamine,I"]
[Result "1-0"]
[WhiteElo "2350"]
[BlackElo "2138"]

1.Nf3 Nf6 2.c4 e6 3.g3 b6 4.Bg2 Bb7 5.O-O c5 6.Nc3 Be7 7.d4 cxd4 8.Qxd4 d6
9.Rd1 Nc6 10.Qf4 a6 11.b3 O-O 12.Bb2 Qb8 13.Rac1 Ra7 14.Ng5 Ne5 15.Nge4 Nxe4
16.Nxe4 Ng6 17.Qe3 Bxe4 18.Bxe4 h5 19.Bd4 Rc7 20.Bxb6 Rd7 21.Bxg6  1-0

[Event "16th open"]
[Site "Cappelle La Grande FRA"]
[Date "2000.02.19"]
[Round "1"]
[White "Nogueiras,J"]
[Black "Kasparov,S"]
[Result "1/2-1/2"]
[WhiteElo "2563"]
[BlackElo "2465"]

1.Nf3 Nf6 2.c4 c5 3.g3 b6 4.Bg2 Bb7 5.O-O e6 6.Nc3 Be7 7.d4 cxd4 8.Qxd4 d6
9.Bg5 a6 10.Rfd1 Nbd7 11.Qd2 O-O 12.Bf4 Ne8 13.e4 Qc7 14.b3 Rd8 15.Rac1 Ne5
16.Qe2 Ng6 17.Be3 Nf6 18.Nd4 Rfe8 19.f4 Bf8 20.f5 exf5 21.Nd5 Qb8 22.exf5 Ne5
23.Bg5 Be7 24.Qd2 Bxd5 25.cxd5 b5 26.Be3 Rc8 27.h3 h6 28.g4 Rxc1 29.Rxc1 Rc8
30.Nc6 Nxc6 31.dxc6 d5 32.Qd4 Bd6 33.Kh1 Re8 34.Qb6 Qc8 35.c7 Be5 36.Bd2 Re7
37.Ba5 Kh7 38.Qc5 Rd7 39.Bf3 Bf4 40.Rc2 d4 41.Rg2 Bxc7 42.Bxc7 Qxc7 43.Qxc7 Rxc7  1/2-1/2

[Event "ch-YUG (women) qualifier"]
[Site "Kragujevac YUG"]
[Date "2000.02.26"]
[Round "8"]
[White "Stajic,S"]
[Black "Djuric,Ve"]
[Result "1/2-1/2"]
[WhiteElo "2055"]
[BlackElo "2076"]

1.Nf3 Nf6 2.c4 e6 3.g3 b6 4.Bg2 Bb7 5.O-O c5 6.Re1 Be7 7.Nc3 d6 8.d4 cxd4
9.Qxd4 a6 10.e4 O-O 11.b3 Nbd7 12.Bb2 Qc7 13.Rac1 Rac8 14.h3 Qb8 15.Qe3 Ba8
16.Nd4 Ne5 17.Qe2 Nc6 18.Nxc6 Bxc6 19.Kh2 Rfe8 20.f4 Nd7 21.Rcd1 Nc5 22.Rd2  1/2-1/2

[Event "Caissa Open"]
[Site "Kharkov UKR"]
[Date "2000.02.30"]
[Round "6"]
[White "Ustianovich,N"]
[Black "Simantsev,M"]
[Result "1/2-1/2"]
[WhiteElo "2258"]
[BlackElo "2447"]

1.Nf3 c5 2.c4 Nf6 3.g3 b6 4.Bg2 Bb7 5.O-O e6 6.Nc3 Be7 7.Re1 d6 8.d4 cxd4
9.Qxd4 a6 10.e4 O-O 11.b3 Nbd7 12.Qd2 Qc7 13.Nd4 Rac8 14.Bb2 Rfd8 15.Rac1 Qb8
16.f4 Bf8 17.f5 Re8 18.Re2 Qa8 19.Rce1 Ne5 20.Na4 Qa7 21.Kh1 Ba8 22.Nc3 Qd7
23.Bh3 Nfg4 24.Bg2 g6 25.h3 Bh6 26.Qd1 Nf6 27.Kh2 Rb8 28.Rf1 Qe7 29.Bc1 Bg7
30.a4 h5 31.Kh1 Qd7 32.Kh2 Qc7 33.Kh1 Qc8 34.Ref2 exf5 35.exf5 Bxg2+ 36.Kxg2 Qb7+
37.Kh2 gxf5 38.Nxf5 Neg4+ 39.hxg4 Nxg4+ 40.Kg1 Nxf2 41.Qxh5 Bxc3 42.Qg5+ Kh7
43.Qh6+ Kg8 44.Qg5+ Kh7 45.Qh6+ Kg8  1/2-1/2

[Event "Oz.com qualifier blitz"]
[Site "Internet ICC"]
[Date "2000.03.05"]
[Round "2"]
[White "Peralta,F"]
[Black "Shipov,S"]
[Result "0-1"]
[WhiteElo "2405"]
[BlackElo "2640"]

1.Nf3 Nf6 2.c4 c5 3.g3 b6 4.Bg2 Bb7 5.O-O e6 6.b3 Be7 7.Bb2 d6 8.Nc3 Nbd7
9.d4 cxd4 10.Nxd4 Bxg2 11.Kxg2 Qc7 12.e3 a6 13.f4 O-O 14.Qf3 Rac8 15.g4 Nb8
16.g5 Nfd7 17.Rad1 Nc6 18.Nxc6 Qxc6 19.Rd2 Nc5 20.Qxc6 Rxc6 21.Ba3 Rb8 22.Rfd1 Rd8
23.Bxc5 Rxc5 24.Ne4 Rc6 25.a4 Kf8 26.Kf3 Ke8 27.h4 b5 28.axb5 axb5 29.cxb5 Rb6
30.Nc3 d5 31.Rd3 Bb4 32.Ra1 Rc8 33.Ne2 Rxb5 34.Nd4 Rb7 35.Ra6 Kd7 36.h5 Bc5
37.Ne2 Rcb8 38.Nc1 Ke7 39.f5 Rb6 40.Ra7+ R8b7 41.Rxb7+ Rxb7 42.Ne2 Rb4 43.Nf4 Bd6
44.fxe6 fxe6 45.g6 hxg6 46.Nxg6+ Kf6 47.Nf4 Bxf4 48.exf4 Kf5 49.Rc3 Rxf4+
50.Kg3 Rb4 51.Kf2 e5 52.Rc5 d4 53.Rc7 Rxb3 54.Rxg7 Rh3 55.Rf7+ Ke4 56.Rh7 d3
57.Kg2 Rh4 58.h6 Ke3 59.Re7 e4 60.Kg3 Rxh6  0-1

[Event "Oz.com qualifier blitz"]
[Site "Internet ICC"]
[Date "2000.03.05"]
[Round "5"]
[White "Allen,A"]
[Black "Albarran,G"]
[Result "1-0"]
[WhiteElo "2264"]
[BlackElo "2192"]

1.Nf3 c5 2.g3 b6 3.Bg2 Bb7 4.c4 Nf6 5.O-O e6 6.Nc3 a6 7.Re1 d6 8.e4 Nbd7
9.d4 cxd4 10.Nxd4 Qc7 11.Qe2 Rc8 12.Bd2 Be7 13.Rac1 O-O 14.b3 Rfe8 15.h3 Bf8
16.g4 Ne5 17.g5 Nfd7 18.f4 Nc6 19.Nf3 g6 20.Nd5 Qd8 21.Bc3 exd5 22.cxd5 Na7
23.Qf2 Nb5 24.Bb2 Bg7 25.a4 Rxc1 26.Rxc1 Nc7 27.Nd4 Nc5 28.Qc2 b5 29.h4 b4
30.h5 a5 31.h6 Bh8 32.Rd1 Qd7 33.Kh2 Qg4 34.Rf1 Ba6 35.Rf3 Re7 36.Nc6 Rxe4
37.Bxh8 Kxh8 38.Qb2+ Re5 39.fxe5 Ne4 40.exd6+ f6 41.dxc7 Qxg5 42.Qe2 f5 43.Qxa6  1-0

[Event "FSIMA March"]
[Site "Budapest HUN"]
[Date "2000.03.11"]
[Round "6"]
[White "Weglarz,L"]
[Black "Jakab,A"]
[Result "1/2-1/2"]
[WhiteElo "2387"]
[BlackElo "2354"]

1.Nf3 Nf6 2.c4 e6 3.g3 b6 4.Bg2 Bb7 5.O-O c5 6.Nc3 Be7 7.Re1 d6 8.e4 a6 9.d4 cxd4
10.Nxd4 Qc7 11.Bg5 Nbd7 12.Rc1 O-O 13.b3 Rfe8 14.Rc2 Rad8 15.Bc1 Bf8 16.Bb2 Qb8
17.Rce2 Nc5 18.Re3 g6 19.h3 Bg7 20.R3e2 Qa8 21.Qd2 Re7 22.Kh2 Rc7 23.Qe3 Rcc8
24.Rd1 Re8 25.Rde1 Rcd8  1/2-1/2

[Event "La Perla Open"]
[Site "Lugano SUI"]
[Date "2000.03.11"]
[Round "4"]
[White "Wenner,T"]
[Black "Goldstern,F"]
[Result "0-1"]
[WhiteElo "2156"]
[BlackElo "2411"]

1.Nf3 Nf6 2.c4 e6 3.g3 b6 4.Bg2 Bb7 5.O-O c5 6.Nc3 a6 7.b3 d6 8.Bb2 Nbd7
9.d4 cxd4 10.Qxd4 Be7 11.e4 Qc7 12.Rfd1 O-O 13.h3 Rfd8 14.Qe3 Rac8 15.Ne1 Bf8
16.Rac1 Qb8 17.Nd3 Ba8 18.Re1 b5 19.cxb5 axb5 20.a3 Nc5 21.Nxc5 dxc5 22.a4 c4
23.Nxb5 Rd3 24.Qe2 Rxb3 25.Bxf6 gxf6 26.Rxc4 Rxc4 27.Qxc4 Rb4 28.Qc2 Qe5
29.Re2 Qa1+ 30.Kh2 Qxa4 31.Qxa4 Rxa4 32.e5 Bxg2 33.Kxg2 Ra5 34.Nd4 Rxe5 35.Rxe5 fxe5
36.Nc6 e4 37.f3 exf3+ 38.Kxf3 Bd6 39.g4 Kg7 40.Nd4 Kg6 41.Nb5 Be5 42.Na3 Kg5
43.Nc4 Bc7 44.Nd2 h6 45.Ne4+ Kh4 46.Nf6 Kxh3 47.Ng8 Kh4 48.Nxh6 Kg5  0-1

[Event "La Perla Open"]
[Site "Lugano SUI"]
[Date "2000.03.11"]
[Round "5"]
[White "Bruns,M"]
[Black "Habibi,A"]
[Result "0-1"]
[WhiteElo "2103"]
[BlackElo "2295"]

1.Nf3 c5 2.g3 b6 3.Bg2 Bb7 4.O-O e6 5.c4 Nf6 6.Nc3 Be7 7.b3 d6 8.Bb2 a6 9.d3 O-O
10.e3 Nbd7 11.Qe2 Rb8 12.Rad1 b5 13.Qc2 Qb6 14.Nd2 d5 15.cxd5 exd5 16.e4 d4
17.Ne2 Rbc8 18.Qb1 a5 19.h3 Rfd8 20.Rc1 Ne5 21.f4 Nc6 22.Kh2 h5 23.Nf3 Ba6
24.Rfd1 b4 25.Qc2 Nxe4 26.dxe4 d3 27.Qb1 dxe2 28.Re1 Nd4 29.Ng1 h4 30.g4 Qf6
31.Nxe2 Bxe2 32.Bxd4 Qxf4+ 33.Kg1 cxd4  0-1

[Event "AB Puchko Mem"]
[Site "Alushta UKR"]
[Date "2000.03.21"]
[Round "3"]
[White "Kononenko,T"]
[Black "Khurtsidze,N"]
[Result "0-1"]
[WhiteElo "2374"]
[BlackElo "2464"]

1.c4 Nf6 2.Nf3 e6 3.g3 b6 4.Bg2 Bb7 5.O-O c5 6.Nc3 Be7 7.d4 cxd4 8.Qxd4 d6
9.Rd1 a6 10.Bg5 Nbd7 11.Rac1 Qc7 12.b3 Rd8 13.Bxf6 gxf6 14.e4 h5 15.Qe3 Qc5
16.Qe2 Rc8 17.Nh4 Qb4 18.Bf3 Ne5 19.Bxh5 b5 20.Ng2 bxc4 21.bxc4 Qxc4 22.Ne3 Qc6
23.Rc2 Qb6 24.Rb1 Qa7 25.Bg4 Ba8 26.h3 Kf8 27.Qd1 Nxg4 28.Qxg4 Rc5 29.h4 Rg8
30.Qe2 f5 31.exf5 Bxh4  0-1

[Event "Israeli League"]
[Site "Ramat Aviv ISR"]
[Date "2000.03.31"]
[Round "8"]
[White "Labok,B"]
[Black "Bruk,O"]
[Result "1/2-1/2"]
[WhiteElo "2380"]
[BlackElo "2398"]

1.c4 e6 2.Nf3 Nf6 3.g3 b6 4.Bg2 Bb7 5.O-O c5 6.Nc3 Be7 7.d4 cxd4 8.Qxd4 O-O
9.b3 d5 10.cxd5 Nxd5 11.Nxd5 Bxd5 12.e4 Bf6 13.e5 Nc6 14.Qg4 Nxe5 15.Nxe5 Bxe5
16.Bg5 Bf6 17.Bxf6 Qxf6 18.Bxd5 exd5 19.Rad1 Rad8 20.Rd4 Qe6 21.Qh5 Rd6 22.Rfd1 Rfd8
23.Kf1 h6 24.Re1 Qd7 25.Red1 Qc8 26.R1d2 Qd7 27.Kg2 Qe6 28.Re2 Qg6 29.Qxg6 fxg6
30.Re5 g5 31.a4 Kf7 32.f4 Kf6 33.Kf3 gxf4 34.gxf4 Rc8 35.Rexd5 Rc3+ 36.Kg4 Rxd5
37.Rxd5 Rxb3 38.a5 Rb4 39.h4 Rb1 40.Rd7 h5+ 41.Kf3 Rb3+ 42.Ke4 Rb4+ 43.Kf3 bxa5
44.Rd6+ Ke7 45.Rd5 Rb3+ 46.Ke4 Rb4+ 47.Kf3 Rb3+ 48.Ke4 a4 49.Rxh5 Rb4+ 50.Kf3 a3  1/2-1/2

[Event "ch-LTU"]
[Site "Vilnius LTU"]
[Date "2000.04.02"]
[Round "9"]
[White "Bilinskas,R"]
[Black "Sulskis,G"]
[Result "1-0"]
[WhiteElo "2311"]
[BlackElo "2223"]

1.Nf3 b6 2.g3 Bb7 3.Bg2 e6 4.c4 c5 5.O-O Nf6 6.Nc3 Be7 7.Re1 O-O 8.e4 d6
9.d4 cxd4 10.Nxd4 Qc8 11.b3 a6 12.Ba3 Re8 13.Rc1 Nbd7 14.Qe2 Rb8 15.f4 h6
16.h4 Qc7 17.h5 Bf8 18.Nc2 d5 19.Bxf8 Nxf8 20.e5 N6d7 21.Red1 dxc4 22.Qxc4 Qxc4
23.bxc4 Bxg2 24.Kxg2 Rec8 25.Ne3 Nc5 26.Rd6 Nfd7 27.Rcd1 Rc7 28.Kf3 Kf8 29.Ke2 Ke8
30.Rb1 Rbc8 31.Rbd1 Rb8 32.Kf3 Nb7 33.R6d4 Ndc5 34.Ke2 Rbc8 35.Rb1 Rc6 36.Kf3 Ke7
37.Ke2 Na5 38.Rb4 R8c7 39.Ncd5+ exd5 40.cxd5 Rb7 41.Nf5+ Ke8 42.dxc6 Nxc6
43.Nd6+ Ke7 44.Nxb7 Nxd4+ 45.Rxd4 Nxb7 46.Rb4 b5 47.a4 f6 48.axb5 axb5 49.Rxb5 Nd8
50.Ke3 fxe5 51.fxe5 Ne6 52.Rb7+ Kf8 53.Ra7  1-0

[Event "FSIMB April"]
[Site "Budapest HUN"]
[Date "2000.04.06"]
[Round "6"]
[White "Vadasz,L"]
[Black "Khechumyan,G"]
[Result "0-1"]
[WhiteElo "2285"]
[BlackElo "2236"]

1.Nf3 b6 2.g3 Bb7 3.Bg2 c5 4.c4 Nf6 5.O-O e6 6.Nc3 Be7 7.d4 d6 8.d5 exd5
9.Nh4 Nbd7 10.Nf5 O-O 11.Bf4 Ne5 12.Nxd5 Bxd5 13.Bxd5 Rb8 14.a4 Qd7 15.Nxe7+ Qxe7
16.b3 Rfe8 17.Ra2 h6 18.Bg2 Rbd8 19.h3 Ng6 20.Be3 Ne4 21.Bxe4 Qxe4 22.Rd2 Qe6
23.Kh2 f5 24.Bf4 Rd7 25.Rxd6 Rxd6 26.Qxd6 Qxd6 27.Bxd6 Rxe2 28.Bb8 Rb2 29.Bxa7 Rxb3
30.Rd1 Ne5 31.a5 bxa5 32.Bxc5 Nd3 33.Be3 a4 34.c5 Kf7 35.Rd2 Ke6 36.c6 Kd6
37.Rc2 Kc7 38.Bd2 Kc8 39.Rc4 Ne5 40.Rxa4 Nf3+ 41.Kg2 Nxd2 42.Ra7 g5 43.Rh7 Ne4
44.Rf7 Rb5 45.Kf3 h5  0-1

[Event "FSIMA April"]
[Site "Budapest HUN"]
[Date "2000.04.09"]
[Round "9"]
[White "Farago,S"]
[Black "Murzin,L"]
[Result "0-1"]
[WhiteElo "2271"]
[BlackElo "2231"]

1.c4 Nf6 2.Nf3 b6 3.g3 Bb7 4.Bg2 e6 5.O-O c5 6.d3 Be7 7.Nc3 O-O 8.Bf4 d6
9.e4 a6 10.h3 Nc6 11.Rb1 Qc7 12.Re1 Nd7 13.a3 Bf6 14.Qd2 Nd4 15.b4 Nxf3+
16.Bxf3 Ne5 17.Bg2 Nc6 18.b5 Nd4 19.a4 h6 20.Kh2 axb5 21.Nxb5 Nxb5 22.axb5 Ra3
23.Rec1 Rfa8 24.Qe2 Bd4 25.Be3 Ra2 26.Qf3 R8a3 27.Rd1 Rc2 28.Kg1 Bxe3 29.Qxe3 Rxc4
30.dxc4 Rxe3 31.fxe3 Qe7 32.Kh2 Kf8 33.Rd3 f5 34.exf5 Bxg2 35.Kxg2 exf5 36.Kf2 Qe4
37.Rbd1 Qxc4 38.Rxd6 Qxb5 39.Rd8+ Ke7 40.R8d2 Qc6 41.Rd5 Ke6 42.R5d2 c4 43.Rc2 b5
44.Rd4 Ke5 45.h4 Qc5 46.Ke2 c3 47.Rd3 b4 48.h5 Qb5  0-1

[Event "Open"]
[Site "Dos Hermanas ESP"]
[Date "2000.04.13"]
[Round "7"]
[White "Damljanovic,B"]
[Black "Gamundi Salamanca,A"]
[Result "1-0"]
[WhiteElo "2534"]
[BlackElo "2450"]

1.Nf3 Nf6 2.c4 c5 3.g3 b6 4.Bg2 Bb7 5.O-O e6 6.Nc3 a6 7.Re1 Be7 8.e4 d6 9.d4 cxd4
10.Nxd4 Qc7 11.Be3 O-O 12.Rc1 Nbd7 13.f4 Rac8 14.g4 g6 15.g5 Nh5 16.f5 exf5
17.Nxf5 Ne5 18.Bh3 Rce8 19.Nd5 Bxd5 20.cxd5 Qb7 21.Nh6+ Kh8 22.Ng4 f6 23.Nxe5 fxe5
24.Qg4 Nf4 25.Bf1 Rc8 26.h4 b5 27.b3 Kg7 28.Bh3 Rc5 29.Red1 Rc7 30.Kh1 Bd8
31.Rxc7+ Bxc7 32.Qd7+ Rf7 33.Qc8 Bb6 34.Qxb7 Rxb7 35.Bxb6 Rxb6 36.Bf1 h6
37.Rc1 hxg5 38.hxg5 Kf7 39.Kh2 Ke7 40.Rc7+ Kd8 41.Rg7 Kc8 42.Bh3+ Kb8 43.Bf5 gxf5
44.exf5 Ka8 45.f6 Rb8 46.f7 Rh8+ 47.Kg1 Rf8 48.Rg8 Ng6 49.Rxg6 Rxf7 50.Rf6 Rh7
51.Rxd6 Rh4 52.Kf2 Rg4 53.g6 Kb7 54.Kf3 Rg5 55.b4 Rg1 56.Re6 Kc7 57.Ke4 Rg5
58.Rxa6 Rg4+ 59.Kxe5 Rxb4 60.Kf5  1-0

[Event "XXXI Open"]
[Site "Mar del Plata ARG"]
[Date "2000.04.17"]
[Round "3"]
[White "Peralta,F"]
[Black "Loiterstein,M"]
[Result "1-0"]
[WhiteElo "2405"]
[BlackElo "2280"]

1.Nf3 c5 2.c4 Nf6 3.g3 b6 4.Bg2 Bb7 5.O-O e6 6.b3 d6 7.Bb2 Nbd7 8.Nc3 Be7
9.d4 cxd4 10.Nxd4 Bxg2 11.Kxg2 Qc7 12.e3 a6 13.f4 O-O 14.Qf3 Rac8 15.g4 Nc5
16.g5 Nfd7 17.Rad1 Rfe8 18.Rd2 Bf8 19.Rfd1 Qb7 20.h4 Rc7 21.Qxb7 Nxb7 22.Kf3 Rec8
23.Nde2 Ndc5 24.Ng3 Nd7 25.Nh5 d5 26.cxd5 Rxc3 27.Bxc3 Rxc3 28.dxe6 Nb8 29.exf7+ Kxf7
30.Rd7+ Nxd7 31.Rxd7+  1-0

[Event "VI Leonardo Di Bona"]
[Site "Cutro ITA"]
[Date "2000.05.01"]
[Round "5"]
[White "Ristic,Nen"]
[Black "Aleksic,N1"]
[Result "1/2-1/2"]
[WhiteElo "2435"]
[BlackElo "2405"]

1.Nf3 Nf6 2.c4 c5 3.g3 b6 4.Bg2 Bb7 5.O-O e6 6.Nc3 Be7 7.d4 cxd4 8.Qxd4 O-O
9.Rd1 Nc6 10.Qd2 Na5 11.b3 d5 12.cxd5 Nxd5 13.Nxd5 Qxd5 14.Bb2 Qxd2 15.Rxd2 Rfd8
16.Rad1 Rxd2 17.Rxd2 Rd8 18.Rxd8+ Bxd8 19.Ne5 Bxg2 20.Kxg2 f6 21.Nd3 Nc6
22.f4 Be7 23.Kf3 Kf7 24.g4 b5 25.h3 Nb4  1/2-1/2